[Event "Sombor Milicevic Memorial"]
[Site "Sombor"]
[Date "2017.11.29"]
[Round "8"]
[White "Stojanovski, Branko"]
[Black "Grba, Ilija"]
[Result "1/2-1/2"]
[WhiteElo "1849"]
[BlackElo "1761"]
[PlyCount "73"]
[EventDate "2017.11.13"]
[EventType "swiss"]
[EventRounds "9"]
[EventCountry "SRB"]
[SourceTitle "EXT 2019"]
[Source "ChessBase"]
[SourceDate "2018.10.10"]
[SourceVersion "1"]
[SourceVersionDate "2018.10.10"]
[SourceQuality "1"]

1. c3 d5 2. d3 Nf6 3. Qc2 e5 4. e4 dxe4 5. dxe4 Bd6 6. Bg5 h6 7. Bh4 Be6 8. Nf3 Nbd7 9. Nbd2 a6 10. Bc4 Qe7 11. h3 b5 12. Bxe6 Qxe6 13. Bg3 Nh5 14. Bh2 0-0 15. g4 Nf4 16. Bxf4 exf4 17. Nd4 Qf6 18. h4 Qe5 19. f3 Rfc8 20. Nf5 Bf8 21. h5 Re8 22. 0-0-0 Nc5 23. Nb3 Na4 24. Rd5 Qf6 25. Qd2 Rad8 26. Rxd8 Rxd8 27. Qxf4 Nxc3 28. Qxc7 Nxa2+ 29. Kb1 Nb4 30. e5 Nd5 31. exf6 Nxc7 32. Rc1 Ne6 33. fxg7 Bxg7 34. Nxg7 Kxg7 35. Rc3 Rd5 36. Kc2 a5 37. Rd3 1/2-1/2